Religion catholique : le dimanche de Laetare - Statistiques

Statistiques générales
  • Ce quiz a été pris 22 fois
  • Le résultat moyen est 9 sur 18
Statistiques - réponses
Questions Réponses % Correct
Mois durant lesquels tombe le plus souvent le dimanche de laetare. Mars
100%
Le dimanche de Laetare est le ___ième dimanche du Carême. Quatrième
100%
Mois durant lesquels tombe le plus souvent le dimanche de laetare. Avril
95%
Fête célébrée trois semaines après le dimanche de Laetare. Les réjouissances de Laetare anticipent la joie de cette fête. Pâques
95%
Ville à laquelle s'adresse le prophète Esaïe (66.10-11) lorsqu'il dit dans la version latine de la Bible "Laetare ______", soit "Réjouissez-vous avec ______". Ce sont les premiers mots (incipit) de l'Introït, une antienne dite ou chantée en chant grégorien (donc en latin) qui forme les origines étymologiques du nom. Jérusalem
77%
Miracle de Notre Seigneur Jésus Christ dont on lit la narration au dimanche de Laetare. La "__________ des pains". Multiplication
73%
Sacrement essentiel du christianisme qui est annoncé par le miracle évoqué plus haut (réponse #11). Le mystère de l'Eucharistie
59%
Autre nom du dimanche de Laetare qui fait référence à ce miracle : le "Dimanche des ___ pains". Il s'agit du nombre de pains que possédait un jeune garçon désigné par saint André avant le miracle du Christ, selon l'Évangile selon saint Jean. Cinq
55%
Ornement représentant une fleur que traditionnellement, le pape remettait à un souverain ou à un sanctuaire catholique pour l'honorer, au dimanche de laetare. La Rose d'or
55%
Sainte normande, seule bénéficiaire à titre posthume de la récompense précédente (réponse #5), en 1927 (soit trente ans après son décès), par Pie XI. Sainte Thérèse de l'Enfant Jésus
45%
Fête profane carnavalesque célébrée le jeudi précédant le dimanche de laetare. L'Église a transféré cette réjouissance du jeudi au dimanche. Cette célébration était prévue comme une brève interruption du jeûne pour consommer les denrées périssables comme les œufs avant leur péremption. La mi-carême
41%
Reine d'Écosse et de France bénéficiaire de la récompense précédente de la part du Pape Pie IV en 1560. Marie Stuart
41%
Impératrice des Français bénéficiaire de la récompense précédente (réponse #5) en 1856, par Pie IX, à l'occasion de la naissance du prince impérial dont Pie IX accepta d'être le parrain. Eugénie de Montijo
27%
Pape qui offrit la récompense précédente (réponse #5) à l'impératrice Isabelle du Brésil pour son rôle dans l'abolition de l'esclavage en 1888. Léon XIII
23%
Pays dans lequel se situe le village d'Islikon, faisant partie de la commune de Gachnang, où perdure la tradition selon laquelle au dimanche de Laetare, doivent être posées sur l'eau, de petites tours coloriées en bois léger et en papier reposant sur un radeau de planches, le tout entraîné par le courant pendant que l'assemblée chante : "Le ruisseau brûle ..." La Suisse
18%
Bataille navale remportée par don Juan d'Autriche en 1571 contre les Ottomans, ce qui lui valu la même récompense (réponse #5) en 1576. La bataille de Lépante
14%
Province belge dans laquelle on trouve Stavelot et ses "Blancs Moussis", personnages folkloriques très populaires, dont la cape blanche avec capuchon blanc évoque peu ou prou des habits de moines car la population historiquement souhaitait voir les moines, très appréciés, participer aux réjouissances du Laetare mais le prince-abbé s'y opposait. Liège
14%
État des États-Unis d'Amérique dans la région des Grands Lacs où se situe South Bend dont l'Université Notre-Dame** a, en 1883 pour la première fois, décerné la "Médaille de Laetare" à une personnalité ou un groupe de personnes catholiques "dont le génie a anobli les arts et les sciences, illustré les idéaux de l'Église et enrichi le patrimoine de l'humanité". **En français dans le texte. L'Indiana
9%
Aucun quiz correspondant
Distribution des résultats
% des personnes avec chaque résultat
Percentile par nombre de réponses
Votre historique - résultats
Vous n’avez pas pris ce quiz